[Event "Maastricht Limburg op-B 9th"]
[Site "Maastricht"]
[Date "2015.05.24"]
[Round "5"]
[White "Goes, Dirk"]
[Black "Oostvogels, Niek"]
[Result "1/2-1/2"]
[WhiteElo "1936"]
[BlackElo "1888"]
[PlyCount "72"]
[EventDate "2015.05.22"]
[EventType "swiss"]
[EventRounds "7"]
[EventCountry "NED"]
[SourceTitle "EXT 2016"]
[Source "ChessBase"]
[SourceDate "2015.10.08"]
[SourceVersion "1"]
[SourceVersionDate "2015.10.08"]
[SourceQuality "1"]

1. d4 Nf6 2. Bg5 g6 3. Bxf6 exf6 4. e3 d5 5. c4 Bb4+ 6. Nc3 c6 7. Qb3 Qa5 8. cxd5 cxd5 9. Rc1 Bd7 10. a3 Bxc3+ 11. Qxc3 Qxc3+ 12. Rxc3 Bc6 13. Bd3 Nd7 14. Ne2 Rc8 15. Kd2 Ke7 16. Rhc1 Nb6 17. b3 Bd7 18. Rc5 Rc6 19. a4 Rd6 20. Rc7 Rb8 21. Nf4 Na8 22. R7c5 Be6 23. Be2 g5 24. Nd3 Rdd8 25. Nb4 Kd6 26. Bf3 Nb6 27. g3 Nd7 28. Rc7 f5 29. a5 Nf6 30. a6 Rd7 31. Rc8 Rxc8 32. Rxc8 bxa6 33. Rc6+ Ke7 34. Nxa6 Rd6 35. Rc7+ Rd7 36. Rc6 Rd6 1/2-1/2

[Event "Maastricht Limburg op-B 9th"]
[Site "Maastricht"]
[Date "2015.05.23"]
[Round "2"]
[White "Beukema, Jasper"]
[Black "Goes, Dirk"]
[Result "1-0"]
[WhiteElo "1933"]
[BlackElo "1936"]
[PlyCount "83"]
[EventDate "2015.05.22"]
[EventType "swiss"]
[EventRounds "7"]
[EventCountry "NED"]
[SourceTitle "EXT 2016"]
[Source "ChessBase"]
[SourceDate "2015.10.08"]
[SourceVersion "1"]
[SourceVersionDate "2015.10.08"]
[SourceQuality "1"]

1. d4 e6 2. e4 d5 3. Nc3 dxe4 4. Nxe4 Nf6 5. Bg5 Be7 6. Bxf6 gxf6 7. Nf3 f5 8. Nc3 Nd7 9. Bb5 c6 10. Be2 Bf6 11. Qd3 0-0 12. h3 b5 13. g4 b4 14. Nd1 f4 15. Qe4 Bg7 16. Bd3 Nf6 17. Qxf4 a5 18. g5 Nd5 19. Qh4 f5 20. gxf6 Nxf6 21. Ne3 Ba6 22. 0-0-0 Bxd3 23. Rxd3 Nd5 24. Qg4 Nf4 25. Rd2 Qf6 26. Ne5 Rad8 27. Nxc6 Rd6 28. Ne5 Rfd8 29. Nf3 Rxd4 30. Nxd4 Rxd4 31. Rxd4 Qxd4 32. Nd1 a4 33. Qf3 a3 34. bxa3 Qa1+ 35. Kd2 Bh6 36. axb4 Qxa2 37. Ne3 Qa7 38. Rg1+ Kf8 39. Qe4 Qd7+ 40. Ke1 Qc7 41. Qd4 e5 42. Qc5+ 1-0

[Event "Haarlem Nova College op-B 12th"]
[Site "Haarlem"]
[Date "2013.06.30"]
[Round "5"]
[White "Goes, Dirk"]
[Black "Frijling, Jeroen"]
[Result "0-1"]
[WhiteElo "1961"]
[BlackElo "1826"]
[PlyCount "72"]
[EventDate "2013.06.28"]
[EventType "swiss"]
[EventRounds "6"]
[EventCountry "NED"]
[SourceTitle "EXT 2015"]
[Source "ChessBase"]
[SourceDate "2014.11.20"]
[SourceVersion "1"]
[SourceVersionDate "2014.11.20"]
[SourceQuality "1"]

1. d4 Nf6 2. Bg5 Ne4 3. Bh4 c5 4. f3 g5 5. fxe4 gxh4 6. e3 Bh6 7. Nd2 Bxe3 8. d5 d6 9. Nc4 Bxg1 10. Rxg1 Nd7 11. Qh5 b5 12. Nd2 Qa5 13. c3 Ne5 14. Qxh4 c4 15. a3 Qb6 16. Qf2 Qxf2+ 17. Kxf2 Ng4+ 18. Ke1 Nxh2 19. a4 Nxf1 20. Kxf1 Bd7 21. axb5 Bxb5 22. Kf2 e6 23. b3 cxb3 24. c4 Bd7 25. Nxb3 Ke7 26. Ra3 Rhc8 27. Nd2 a5 28. Rga1 a4 29. Ke2 Rab8 30. Rh1 Rg8 31. Kf3 Rb2 32. Rd3 exd5 33. exd5 Bf5 34. Rd4 a3 35. Re1+ Kd7 36. Ra1 a2 0-1

[Event "Maastricht Limburg op-B 6th"]
[Site "Maastricht"]
[Date "2012.05.27"]
[Round "4"]
[White "Geboers, Jimmy"]
[Black "Goes, Dirk"]
[Result "1-0"]
[WhiteElo "1954"]
[BlackElo "1954"]
[PlyCount "69"]
[EventDate "2012.05.25"]
[EventType "swiss"]
[EventRounds "7"]
[EventCountry "NED"]
[SourceTitle "EXT 2013"]
[Source "ChessBase"]
[SourceDate "2012.11.22"]
[SourceVersion "1"]
[SourceVersionDate "2012.11.22"]
[SourceQuality "1"]

1. d4 e6 2. c4 Bb4+ 3. Nc3 b6 4. Nf3 Bb7 5. e3 f5 6. g3 Nf6 7. Bg2 0-0 8. 0-0 Ne4 9. Qb3 Bxc3 10. bxc3 d6 11. c5 Qe7 12. cxd6 cxd6 13. Nd2 Nxd2 14. Bxd2 Bxg2 15. Kxg2 Nc6 16. c4 Nd8 17. a4 Nf7 18. f3 Rfd8 19. a5 Rab8 20. Rfb1 Qc7 21. axb6 axb6 22. Ra4 h6 23. Rb4 Rdc8 24. Kf2 Qc6 25. d5 Qd7 26. Ra1 e5 27. Ra6 Qc7 28. Raxb6 Rxb6 29. Rxb6 e4 30. Rc6 Qd7 31. Rxc8+ Qxc8 32. f4 Qe8 33. Qb5 Qa8 34. Ke2 Kh7 35. Qd7 1-0

[Event "Maastricht Limburg op-B 6th"]
[Site "Maastricht"]
[Date "2012.05.27"]
[Round "5"]
[White "Goes, Dirk"]
[Black "Blom, Huub"]
[Result "1-0"]
[WhiteElo "1954"]
[BlackElo "1846"]
[PlyCount "63"]
[EventDate "2012.05.25"]
[EventType "swiss"]
[EventRounds "7"]
[EventCountry "NED"]
[SourceTitle "EXT 2013"]
[Source "ChessBase"]
[SourceDate "2012.11.22"]
[SourceVersion "1"]
[SourceVersionDate "2012.11.22"]
[SourceQuality "1"]

1. d4 d5 2. Nc3 e6 3. Nf3 c5 4. e4 dxe4 5. Nxe4 cxd4 6. Nxd4 e5 7. Nb5 Qxd1+ 8. Kxd1 Na6 9. Bc4 f5 10. Ned6+ Bxd6 11. Nxd6+ Ke7 12. Nf7 Be6 13. Bxe6 Kxe6 14. Nxh8 Nf6 15. c3 Nc5 16. Ke2 Rxh8 17. f3 e4 18. Be3 exf3+ 19. gxf3 b6 20. Rad1 Re8 21. Kf2 Nfd7 22. Bxc5 Nxc5 23. Rhe1+ Kf7 24. Rxe8 Kxe8 25. Ke3 Ke7 26. Kd4 g6 27. b4 Ne6+ 28. Ke5 Ng5 29. Rd3 h5 30. c4 Nf7+ 31. Kd5 Kd7 32. Ra3 1-0

[Event "Maastricht Limburg op-B 5th"]
[Site "Maastricht"]
[Date "2011.06.12"]
[Round "4"]
[White "Goes, Dirk"]
[Black "Timmermans, Stefan"]
[Result "1/2-1/2"]
[WhiteElo "1956"]
[BlackElo "1845"]
[PlyCount "30"]
[EventDate "2011.06.10"]
[EventType "swiss"]
[EventRounds "7"]
[EventCountry "NED"]
[SourceTitle "EXT 2012"]
[Source "ChessBase"]
[SourceDate "2011.11.24"]
[SourceVersion "1"]
[SourceVersionDate "2011.11.24"]
[SourceQuality "1"]

1. d4 Nf6 2. Bg5 e6 3. e3 d5 4. Bd3 c5 5. c3 Nc6 6. f4 cxd4 7. exd4 h6 8. Bxf6 Qxf6 9. g3 g5 10. Ne2 Bd6 11. 0-0 g4 12. Nd2 Bd7 13. Rf2 Ne7 14. Nf1 Nf5 15. Qc2 h5 1/2-1/2

[Event "Maastricht Limburg op-B 4th"]
[Site "Maastricht"]
[Date "2010.05.23"]
[Round "5"]
[White "Thoma, Sophia"]
[Black "Goes, Dirk"]
[Result "1-0"]
[WhiteElo "1894"]
[BlackElo "1971"]
[PlyCount "87"]
[EventDate "2010.05.21"]
[EventType "swiss"]
[EventRounds "7"]
[EventCountry "NED"]
[SourceTitle "EXT 2011"]
[Source "ChessBase"]
[SourceDate "2010.11.26"]
[SourceVersion "1"]
[SourceVersionDate "2010.11.26"]
[SourceQuality "1"]

1. e4 Nf6 2. e5 Nd5 3. d4 d6 4. c4 Nb6 5. Nf3 Bg4 6. Be2 e6 7. 0-0 Be7 8. exd6 cxd6 9. Nc3 N8d7 10. b3 Nf6 11. Bb2 0-0 12. Qd2 Rc8 13. Rfe1 Qc7 14. Rad1 Rfd8 15. Qf4 a6 16. Ne4 Bxf3 17. Bxf3 Nxe4 18. Qxe4 d5 19. Qg4 dxc4 20. d5 c3 21. Rc1 Bf6 22. dxe6 Qe7 23. exf7+ Qxf7 24. Ba1 Rc7 25. Be4 Rd2 26. Bf5 Qf8 27. Bxh7+ Kxh7 28. Qh5+ Kg8 29. Re8 Nd7 30. Rxf8+ Nxf8 31. h3 b5 32. a3 Bd4 33. Kh1 Bf6 34. Qf3 Rb2 35. Qd5+ Kh8 36. Qd6 Rc8 37. Qxa6 Rd8 38. Bxb2 cxb2 39. Rb1 Be5 40. Qxb5 Ng6 41. Qe2 Rc8 42. Qd1 Nf4 43. g3 Nxh3 44. Kg2 1-0

[Event "Maastricht Limburg op-B 4th"]
[Site "Maastricht"]
[Date "2010.05.21"]
[Round "1"]
[White "Ibrahim, Ashraf"]
[Black "Goes, Dirk"]
[Result "0-1"]
[WhiteElo "1819"]
[BlackElo "1971"]
[PlyCount "106"]
[EventDate "2010.05.21"]
[EventType "swiss"]
[EventRounds "7"]
[EventCountry "NED"]
[SourceTitle "EXT 2011"]
[Source "ChessBase"]
[SourceDate "2010.11.26"]
[SourceVersion "1"]
[SourceVersionDate "2010.11.26"]
[SourceQuality "1"]

1. d4 e6 2. c4 b6 3. Nc3 Bb4 4. Nf3 Bb7 5. a3 Bxc3+ 6. bxc3 f5 7. a4 Nf6 8. Ba3 Ne4 9. Qb3 Nc6 10. g3 Na5 11. Qb4 c5 12. dxc5 bxc5 13. Qb2 Rb8 14. Bg2 Nxc4 15. Qc2 Qa5 16. 0-0 Bc6 17. Rfc1 d5 18. Ne1 0-0 19. Nd3 Nxa3 20. Rxa3 c4 21. Ne5 Qc5 22. Nxc6 Qxa3 23. Nxb8 Rxb8 24. Bxe4 Rb2 25. Bxd5 Rxc2 26. Bxe6+ Kf8 27. Rxc2 Qd6 28. Bxf5 Qd1+ 29. Kg2 Qd5+ 30. e4 Qd3 31. Rb2 g6 32. Rb8+ Kg7 33. Rb7+ Kh6 34. Bg4 a5 35. Bf3 Qxc3 36. h4 Qe5 37. g4 g5 38. hxg5+ Qxg5 39. Rb5 Qd2 40. Rb6+ Kg7 41. e5 c3 42. Rd6 Qe1 43. Rd7+ Kf8 44. Rd8+ Ke7 45. Rc8 Qxe5 46. Rc4 Kf6 47. Rc6+ Kg5 48. Rc4 Qe1 49. Be4 Qe2 50. Rc5+ Kf6 51. g5+ Ke7 52. Bxh7 Qg4+ 53. Kf1 Qh3+ 0-1

[Event "Maastricht Limburg op"]
[Site "Maastricht"]
[Date "2008.05.12"]
[Round "7"]
[White "Goes, Dirk"]
[Black "Akstinat, Sven Holger"]
[Result "1/2-1/2"]
[WhiteElo "1972"]
[BlackElo "2179"]
[PlyCount "53"]
[EventDate "2008.05.09"]
[EventType "swiss"]
[EventRounds "7"]
[EventCountry "NED"]
[SourceTitle "EXT 2009"]
[Source "ChessBase"]
[SourceDate "2008.11.26"]
[SourceVersion "1"]
[SourceVersionDate "2008.11.26"]
[SourceQuality "1"]

1. d4 e6 2. Bf4 b6 3. Nf3 Bb7 4. Nbd2 f5 5. e3 Nf6 6. Bd3 Be7 7. 0-0 0-0 8. h3 Na6 9. a3 c5 10. c4 Rc8 11. Qb1 Nh5 12. Bh2 g6 13. Rc1 d6 14. b4 Qd7 15. Qb3 Bf6 16. Rab1 Rb8 17. Qd1 f4 18. Qe1 e5 19. dxe5 dxe5 20. Be4 Rbd8 21. b5 Nb8 22. Rd1 Qe7 23. Qe2 Bxe4 24. Nxe4 Rxd1+ 25. Rxd1 Rd8 26. Nc3 Kg7 27. Nd5 1/2-1/2

[Event "Maastricht Limburg op"]
[Site "Maastricht"]
[Date "2008.05.11"]
[Round "5"]
[White "Goes, Dirk"]
[Black "Noiroux, Kevin"]
[Result "0-1"]
[WhiteElo "1972"]
[BlackElo "2134"]
[PlyCount "58"]
[EventDate "2008.05.09"]
[EventType "swiss"]
[EventRounds "7"]
[EventCountry "NED"]
[SourceTitle "EXT 2009"]
[Source "ChessBase"]
[SourceDate "2008.11.26"]
[SourceVersion "1"]
[SourceVersionDate "2008.11.26"]
[SourceQuality "1"]

1. d4 d5 2. Bf4 Nf6 3. e3 c5 4. c3 Nc6 5. Nd2 cxd4 6. exd4 Bf5 7. Qb3 Qd7 8. Ngf3 a6 9. Nh4 Be6 10. Bd3 g6 11. Nhf3 Bg7 12. Ne5 Nxe5 13. Bxe5 0-0 14. 0-0 Bh6 15. Qc2 Nh5 16. Bg3 Ng7 17. Nf3 f6 18. Nh4 Bf7 19. f4 Rac8 20. Rae1 e6 21. h3 Qc7 22. Bh2 f5 23. g4 Ne8 24. Ng2 Bg7 25. Qe2 Nd6 26. Ne3 Ne4 27. Qg2 Nxc3 28. Rc1 Bxd4 29. Qd2 Qb6 0-1

[Event "Politiken Cup 29th"]
[Site "Copenhagen"]
[Date "2007.07.29"]
[Round "10"]
[White "Goes, Dirk"]
[Black "Nielsen, Lars Aaes"]
[Result "1/2-1/2"]
[WhiteElo "1987"]
[BlackElo "2232"]
[PlyCount "51"]
[EventDate "2007.07.21"]
[EventType "swiss"]
[EventRounds "10"]
[EventCountry "DEN"]
[SourceTitle "CBM 119 Extra"]
[Source "ChessBase"]
[SourceDate "2007.09.04"]
[SourceVersion "1"]
[SourceVersionDate "2007.09.04"]
[SourceQuality "1"]

1. d4 b6 2. e4 e6 3. g3 d5 4. Bg2 Bb7 5. exd5 Bxd5 6. Nf3 Nf6 7. 0-0 Bd6 8. b3 0-0 9. c4 Bb7 10. Nc3 Nbd7 11. Bb2 e5 12. Nxe5 Bxg2 13. Kxg2 Nxe5 14. dxe5 Bxe5 15. Qc2 Qd7 16. Rfe1 Rfe8 17. Qd1 Bd4 18. Qf3 Rad8 19. h3 h6 20. Rad1 Rxe1 21. Rxe1 c5 22. Bc1 Bxc3 23. Qxc3 Re8 24. Rxe8+ Qxe8 25. Qc2 Ne4 26. f3 1/2-1/2

[Event "Politiken Cup 29th"]
[Site "Copenhagen"]
[Date "2007.07.23"]
[Round "4"]
[White "Goes, Dirk"]
[Black "Christensen, Thomas1"]
[Result "1/2-1/2"]
[WhiteElo "1987"]
[BlackElo "2192"]
[PlyCount "86"]
[EventDate "2007.07.21"]
[EventType "swiss"]
[EventRounds "10"]
[EventCountry "DEN"]
[SourceTitle "CBM 119 Extra"]
[Source "ChessBase"]
[SourceDate "2007.09.04"]
[SourceVersion "1"]
[SourceVersionDate "2007.09.04"]
[SourceQuality "1"]

1. d4 d6 2. Bg5 h6 3. Bh4 g5 4. Bg3 Bg7 5. e3 Bf5 6. Bd3 Qd7 7. c3 Nc6 8. e4 Bg6 9. Qc2 0-0-0 10. Ne2 e6 11. Nd2 Nge7 12. b4 f5 13. f3 fxe4 14. fxe4 d5 15. b5 Nb8 16. 0-0 h5 17. Nb3 b6 18. c4 h4 19. Bf2 dxe4 20. Bxe4 Bxe4 21. Qxe4 g4 22. Be3 Nf5 23. Rad1 Nxe3 24. Qxe3 Qe7 25. c5 Nd7 26. c6 Nf6 27. Nc5 Rdg8 28. Qa3 Kd8 29. Qxa7 Ke8 30. Nd3 Nd5 31. Nef4 Bxd4+ 32. Kh1 Ne3 33. Qb8+ Kf7 34. Nd5+ Nxf1 35. Rxf1+ Bf6 36. Ne5+ Kg7 37. Qxg8+ Kxg8 38. Nxe7+ Bxe7 39. Nxg4 Rh5 40. a4 Rc5 41. h3 Kg7 42. Kh2 Rc4 43. Rf7+ Kxf7 1/2-1/2

[Event "Politiken Cup 29th"]
[Site "Copenhagen"]
[Date "2007.07.22"]
[Round "2"]
[White "Goes, Dirk"]
[Black "Thorfinnsdottir, Elsa Maria"]
[Result "1/2-1/2"]
[WhiteElo "1987"]
[BlackElo "1693"]
[PlyCount "114"]
[EventDate "2007.07.21"]
[EventType "swiss"]
[EventRounds "10"]
[EventCountry "DEN"]
[SourceTitle "CBM 119 Extra"]
[Source "ChessBase"]
[SourceDate "2007.09.04"]
[SourceVersion "1"]
[SourceVersionDate "2007.09.04"]
[SourceQuality "1"]

1. d4 d5 2. Bf4 Nf6 3. e3 Bf5 4. Nf3 e6 5. Ne5 Bd6 6. f3 Bxe5 7. Bxe5 Nbd7 8. g4 Bg6 9. Bg3 c5 10. h4 h6 11. Bd3 Bxd3 12. Qxd3 Qb6 13. Nc3 cxd4 14. exd4 a6 15. 0-0-0 Qc6 16. Rhe1 b5 17. Be5 0-0-0 18. Ne2 Nxe5 19. dxe5 Nd7 20. Nd4 Qc4 21. b3 Qxd3 22. cxd3 Kb7 23. b4 Rc8+ 24. Kd2 Rc7 25. f4 Re8 26. Nb3 Rec8 27. Rc1 Rxc1 28. Rxc1 Rxc1 29. Kxc1 g5 30. hxg5 hxg5 31. Kd2 gxf4 32. d4 Kb6 33. Ke2 Nf8 34. Kf3 Ng6 35. Nc5 a5 36. a3 axb4 37. axb4 Kc6 38. Nd3 Kd7 39. Nxf4 Ne7 40. Ne2 Nc6 41. Kf4 Nxb4 42. Kg5 Nc2 43. Kf6 Ke8 44. g5 b4 45. g6 fxg6 46. Kxe6 Ne3 47. Kf6 b3 48. Nc3 b2 49. e6 Ng4+ 50. Kxg6 Ke7 51. Kf5 Nf6 52. Ke5 Ng4+ 53. Kxd5 Ne3+ 54. Ke4 Nd1 55. Nb1 Kxe6 56. d5+ Kd6 57. Kd4 Ne3 1/2-1/2

[Event "Politiken Cup 29th"]
[Site "Copenhagen"]
[Date "2007.07.21"]
[Round "1"]
[White "Rohit, Gogineni"]
[Black "Goes, Dirk"]
[Result "1-0"]
[WhiteElo "2470"]
[BlackElo "1987"]
[PlyCount "61"]
[EventDate "2007.07.21"]
[EventType "swiss"]
[EventRounds "10"]
[EventCountry "DEN"]
[SourceTitle "CBM 119 Extra"]
[Source "ChessBase"]
[SourceDate "2007.09.04"]
[SourceVersion "1"]
[SourceVersionDate "2007.09.04"]
[SourceQuality "1"]

1. e4 Nf6 2. e5 Nd5 3. d4 d6 4. Nf3 dxe5 5. Nxe5 c6 6. Be2 Nd7 7. Nf3 g6 8. c4 Nc7 9. 0-0 Bg7 10. Nc3 0-0 11. Bg5 Nb6 12. h3 Be6 13. b3 f6 14. Be3 Bf7 15. Qc2 e6 16. Rfe1 Qe7 17. Bf1 Rfe8 18. Ne4 Nc8 19. Bf4 h6 20. Bd3 g5 21. Bd2 b6 22. Ng3 Qd7 23. Rad1 Ne7 24. Bc3 f5 25. d5 cxd5 26. Bxg7 Kxg7 27. Qc3+ d4 28. Nxd4 Kg8 29. Nf3 Qc8 30. Qf6 Ng6 31. Nh5 1-0

[Event "Haarlem op"]
[Site "Haarlem"]
[Date "2007.06.30"]
[Round "3"]
[White "Langedijk, Ardjan"]
[Black "Goes, Dirk"]
[Result "1/2-1/2"]
[WhiteElo "2232"]
[BlackElo "1987"]
[PlyCount "106"]
[EventDate "2007.06.29"]
[EventType "swiss"]
[EventRounds "6"]
[EventCountry "NED"]
[SourceTitle "EXT 2010"]
[Source "ChessBase"]
[SourceDate "2010.11.25"]
[SourceVersion "1"]
[SourceVersionDate "2010.11.25"]
[SourceQuality "1"]

1. e4 Nf6 2. e5 Nd5 3. d4 d6 4. c4 Nb6 5. f4 dxe5 6. fxe5 Nc6 7. Be3 Bf5 8. Nc3 e6 9. Nf3 Qd7 10. Be2 Rd8 11. 0-0 Bg4 12. c5 Nd5 13. Nxd5 Qxd5 14. Ng5 Bxe2 15. Qxe2 Rd7 16. Rad1 Nd8 17. Qc2 h6 18. Nh3 g5 19. Nf2 Bg7 20. Ng4 Nc6 21. b3 Ne7 22. Bc1 0-0 23. h4 Nf5 24. Rxf5 exf5 25. Qxf5 Qe6 26. Qxe6 fxe6 27. hxg5 hxg5 28. Bxg5 Rf5 29. Bh6 Bxe5 30. Be3 Bg7 31. Rd2 c6 32. Nh2 e5 33. dxe5 Rxd2 34. Bxd2 Rxe5 35. b4 Re2 36. Nf3 Kf7 37. Kf1 Re8 38. Kf2 Ke6 39. Ke2 Kd5+ 40. Kd3 Bf6 41. g4 Rh8 42. g5 Rh3 43. gxf6 Rxf3+ 44. Kc2 Rxf6 45. Kb3 b5 46. cxb6 axb6 47. a4 c5 48. bxc5 bxc5 49. a5 c4+ 50. Kb4 Rf2 51. Bc3 Ra2 52. Kb5 Ra3 53. Bb4 Rxa5+ 1/2-1/2

[Event "Haarlem Nova College op"]
[Site "Haarlem"]
[Date "2006.07.09"]
[Round "5"]
[White "Perez Garcia, Hebert"]
[Black "Goes, Dirk"]
[Result "1-0"]
[WhiteElo "2187"]
[BlackElo "1934"]
[PlyCount "55"]
[EventDate "2006.07.07"]
[EventType "swiss"]
[EventRounds "6"]
[EventCountry "NED"]
[SourceTitle "CBM 113 Extra"]
[Source "ChessBase"]
[SourceDate "2006.09.14"]
[SourceVersion "1"]
[SourceVersionDate "2006.09.14"]
[SourceQuality "1"]

1. e4 Nf6 2. e5 Nd5 3. c4 Nb6 4. d4 d6 5. f4 dxe5 6. fxe5 Nc6 7. Be3 Bf5 8. Nc3 e6 9. Be2 Qd7 10. Nf3 0-0-0 11. 0-0 Bg4 12. c5 Nd5 13. Bf2 f6 14. exf6 gxf6 15. Bb5 Bh6 16. Ne4 a6 17. Ba4 Rhg8 18. Kh1 Qg7 19. Bxc6 bxc6 20. Rg1 Qg6 21. Qd3 Kd7 22. Rae1 Bf4 23. Bg3 h5 24. Nh4 Qh6 25. Rgf1 Rdf8 26. Bxf4 Nxf4 27. Qd2 f5 28. Rxf4 1-0

[Event "Haarlem Nova College op"]
[Site "Haarlem"]
[Date "2006.07.08"]
[Round "2"]
[White "Boidman, Yuri"]
[Black "Goes, Dirk"]
[Result "1-0"]
[WhiteElo "2439"]
[BlackElo "1934"]
[PlyCount "61"]
[EventDate "2006.07.07"]
[EventType "swiss"]
[EventRounds "6"]
[EventCountry "NED"]
[SourceTitle "CBM 113 Extra"]
[Source "ChessBase"]
[SourceDate "2006.09.14"]
[SourceVersion "1"]
[SourceVersionDate "2006.09.14"]
[SourceQuality "1"]

1. e4 Nf6 2. Nc3 d5 3. e5 Nfd7 4. d4 c5 5. Nf3 e6 6. Ne2 Nc6 7. c3 Be7 8. Nf4 0-0 9. Bd3 Re8 10. h4 Nf8 11. g3 f6 12. 0-0 Qc7 13. Re1 Bd7 14. a3 a5 15. Nh5 f5 16. Kg2 Reb8 17. Be3 c4 18. Bc2 b5 19. g4 Be8 20. Nf4 g6 21. Ng5 Nd8 22. gxf5 gxf5 23. Kh2 Qd7 24. Rg1 Kh8 25. Qf3 Bxg5 26. Rxg5 h6 27. Rg2 Qh7 28. Rag1 Ra7 29. Nxd5 Bc6 30. Nf6 Bxf3 31. Rg8+ 1-0

[Event "Porto San Giorgio op 15th"]
[Site "Porto San Giorgo"]
[Date "2003.08.26"]
[Round "6"]
[White "Goes, Dirk"]
[Black "Tomescu, Vlad"]
[Result "1/2-1/2"]
[WhiteElo "2122"]
[BlackElo "2427"]
[PlyCount "99"]
[EventDate "2003.08.21"]
[EventType "swiss"]
[EventRounds "9"]
[EventCountry "ITA"]
[SourceTitle "CBM 095 Extra"]
[Source "ChessBase"]
[SourceDate "2003.09.04"]
[SourceVersion "1"]
[SourceVersionDate "2003.09.04"]
[SourceQuality "1"]

1. d4 Nf6 2. Bg5 e6 3. e3 h6 4. Bh4 b6 5. Be2 Be7 6. Bf3 d5 7. Nd2 c6 8. Bg3 0-0 9. c4 Ba6 10. Qc2 Bb4 11. cxd5 cxd5 12. a3 Be7 13. Ne2 Qd7 14. Rc1 Rc8 15. Qb1 Rxc1+ 16. Nxc1 Qb7 17. b4 Bb5 18. Na2 Qa6 19. Nc3 Bd3 20. Qb3 Nbd7 21. Be2 Bxe2 22. Nxe2 Rc8 23. Nb1 Qc4 24. Qxc4 Rxc4 25. Kd2 b5 26. Kd3 Nb6 27. Nec3 a6 28. Nd2 Rc8 29. Nb3 Nc4 30. Nc5 Bxc5 31. dxc5 e5 32. a4 a5 33. axb5 axb4 34. Nxd5 Nb2+ 35. Kc2 Rxc5+ 36. Kxb2 Rxd5 37. b6 Rb5 38. Rd1 Kh7 39. b7 Rxb7 40. Bxe5 Ne4 41. f3 Nc5 42. Rd5 Ne6 43. Kb3 Ra7 44. Bb2 Rc7 45. Be5 Rc1 46. Rd2 Rb1+ 47. Bb2 Re1 48. Bd4 Rb1+ 49. Bb2 Re1 50. Bd4 1/2-1/2